Kramers many names Quiz Stats

 Plays Quiz not verified by Sporcle

Challenge
Share
Tweet
Embed
Score 0/6 Timer 04:00
0 Plays Today
% Correct
Cosmo
95.2%
The Assman
39.8%
The K Man
24.1%
H.E. Pennypacker
19.3%
Dr. Martin van Nostrand
12%
Kessier
7.2%

You're not logged in!

Compare scores with friends on all Sporcle quizzes.
OR
Log In

You Might Also Like...

Show Comments

Extras

Created Apr 2, 2010ReportNominate

Top Quizzes Today


Score Distribution

Your Account Isn't Verified!

In order to create a playlist on Sporcle, you need to verify the email address you used during registration. Go to your Sporcle Settings to finish the process.

Report this User

Report this user for behavior that violates our Community Guidelines.

Details: